<?xml version="1.0" encoding="UTF-8"?>
<record
    xmlns:xsi="http://www.w3.org/2001/XMLSchema-instance"
    xsi:schemaLocation="http://www.loc.gov/MARC21/slim http://www.loc.gov/standards/marcxml/schema/MARC21slim.xsd"
    xmlns="http://www.loc.gov/MARC21/slim">

  <leader>02374cam a2200253 i 4500</leader>
  <controlfield tag="001">on1414370496</controlfield>
  <controlfield tag="003">OCoLC</controlfield>
  <controlfield tag="005">20250331132742.0</controlfield>
  <controlfield tag="008">231216t20242024enk      b    001 0 eng d</controlfield>
  <datafield tag="020" ind1=" " ind2=" ">
    <subfield code="a">9781509560547</subfield>
    <subfield code="q">(hardcover)</subfield>
  </datafield>
  <datafield tag="035" ind1=" " ind2=" ">
    <subfield code="a">(OCoLC)1414370496</subfield>
  </datafield>
  <datafield tag="040" ind1=" " ind2=" ">
    <subfield code="a">YDX</subfield>
    <subfield code="b">eng</subfield>
    <subfield code="e">rda</subfield>
    <subfield code="c">YDX</subfield>
    <subfield code="d">SINLB</subfield>
    <subfield code="d">OCLCO</subfield>
    <subfield code="d">MNJ</subfield>
    <subfield code="d">IMD</subfield>
    <subfield code="d">LE#</subfield>
    <subfield code="d">YDX</subfield>
    <subfield code="d">IMT</subfield>
    <subfield code="d">IG#</subfield>
    <subfield code="d">VP@</subfield>
  </datafield>
  <datafield tag="050" ind1=" " ind2="4">
    <subfield code="a">PE1112</subfield>
    <subfield code="b">.P85 2024</subfield>
  </datafield>
  <datafield tag="100" ind1=" " ind2=" ">
    <subfield code="a">Pullum, Geoffrey K.,</subfield>
    <subfield code="e">author.</subfield>
    <subfield code="9">25096</subfield>
  </datafield>
  <datafield tag="245" ind1="1" ind2="4">
    <subfield code="a">The truth about English grammar </subfield>
    <subfield code="c">/ Geoffrey K. Pullum.</subfield>
  </datafield>
  <datafield tag="264" ind1=" " ind2="1">
    <subfield code="a">Cambridge, UK ;</subfield>
    <subfield code="a">Hoboken, NJ :</subfield>
    <subfield code="b">Polity Press,</subfield>
    <subfield code="c">2024.</subfield>
  </datafield>
  <datafield tag="300" ind1=" " ind2=" ">
    <subfield code="a">xii, 189 pages ;</subfield>
    <subfield code="c">23 cm.</subfield>
  </datafield>
  <datafield tag="504" ind1=" " ind2=" ">
    <subfield code="a">Includes bibliographical references (pages 171-177) and index.</subfield>
  </datafield>
  <datafield tag="505" ind1="0" ind2=" ">
    <subfield code="a">Clauses, sentences, and phrases &#x2014; Types of words &#x2014; Clause types &#x2014; Nouns and their phrases &#x2014; Determinatives &#x2014; Verbs &#x2014; Adjectives &#x2014; Adverbs &#x2014; Prepositions &#x2014; Coordinators, subordinators, and interjections &#x2014; Content clauses &#x2014; Tenseless subordinate clauses &#x2014; Passive clauses &#x2014; Relative clauses &#x2014; Mythical grammar errors &#x2014; Spelling and punctuation &#x2014; Style.</subfield>
  </datafield>
  <datafield tag="520" ind1=" " ind2=" ">
    <subfield code="a">"Do you worry that your understanding of English grammar isn't what it should be? It may not be your fault. For hundreds of years, vague and confused ideas about how to state the rules have been passed down from one generation to the next. The available books for the general reader - thousands of them, shamelessly plagiarizing each other - repeat the same misguided definitions and generalizations that appeared in the schoolbooks used by your great-great-grandparents. Geoffrey K. Pullum thinks you deserve better. In this book he breaks away from the tradition. Presupposing no prior knowledge or technical terms, he provides an informal introduction to the essential concepts underlying grammar and usage. With his foundation, you will be equipped to understand the classification of words, the structure of phrases and clauses, and why some supposed grammar rules are really just myths. Also covered are some of the key points about spelling, apostrophes, hyphens, capitalization, and punctuation. Illuminating, witty, and incisive, The Truth About English Grammar is a vital book for all who love writing, reading, and thinking about English"-- Dust jacket flap.</subfield>
  </datafield>
  <datafield tag="650" ind1=" " ind2="0">
    <subfield code="a">English grammar</subfield>
    <subfield code="x">Grammar.</subfield>
  </datafield>
  <datafield tag="650" ind1=" " ind2="0">
    <subfield code="a">English language</subfield>
    <subfield code="9">22368</subfield>
  </datafield>
  <datafield tag="942" ind1=" " ind2=" ">
    <subfield code="2">lcc</subfield>
  </datafield>
  <datafield tag="952" ind1=" " ind2=" ">
    <subfield code="0">0</subfield>
    <subfield code="1">0</subfield>
    <subfield code="2">lcc</subfield>
    <subfield code="4">0</subfield>
    <subfield code="7">0</subfield>
    <subfield code="a">TBS</subfield>
    <subfield code="b">TBS</subfield>
    <subfield code="d">2025-03-31</subfield>
    <subfield code="l">0</subfield>
    <subfield code="o">P-EN LEARN PUL</subfield>
    <subfield code="p">B07517</subfield>
    <subfield code="r">2025-03-31</subfield>
    <subfield code="t">1</subfield>
    <subfield code="w">2025-03-31</subfield>
    <subfield code="y">1</subfield>
  </datafield>
  <datafield tag="999" ind1=" " ind2=" ">
    <subfield code="c">4615</subfield>
    <subfield code="d">4615</subfield>
  </datafield>
</record>
